000 00651nam a22002057a 4500
003 OSt
005 20241028093143.0
008 241022b |||d|||| |||| 00| 0 eng d
020 _a9789588344348
037 _bDonación
040 _aCO-JMCR
_bspa
_cCO-JMCR
_dCO-JMCR
_erda
041 0 _aspa
082 0 4 _a336.861
_bM82g
_223
100 1 _aMorales Domínguez, David Fernando,
_9275
245 1 3 _aLa gestión del presupuesto público colombiano /
_cDavid Fernando Morales Domínguez.
260 _bALVI impresores LTDA,
_c2012.
300 _a388 páginas :
_bgráficos ;
_c23 cm.
500 _aIncluye bibliografía (página 377)
942 _2ddc
_cBK
999 _c30866
_d17250